Text book of hydraulic machines (Record no. 10732)

000 -LEADER
fixed length control field 00441nam a22001817a 4500
001 - CONTROL NUMBER
control field 10732
003 - CONTROL NUMBER IDENTIFIER
control field BD-DhUET
008 - FIXED-LENGTH DATA ELEMENTS--GENERAL INFORMATION
fixed length control field 150209b xxu||||| |||| 00| 0 eng d
040 ## - CATALOGING SOURCE
Transcribing agency 0
Modifying agency BD-DhUET
082 ## - DEWEY DECIMAL CLASSIFICATION NUMBER
Classification number 621.2
Item number KHU/1985
100 ## - MAIN ENTRY--PERSONAL NAME
Personal name Khurmi, R. S.
245 ## - TITLE STATEMENT
Title Text book of hydraulic machines
250 ## - EDITION STATEMENT
Edition statement 14th ed.
260 ## - PUBLICATION, DISTRIBUTION, ETC. (IMPRINT)
Place of publication, distribution, etc. New Delhi
Name of publisher, distributor, etc. S. Chand
Date of publication, distribution, etc. 1985
300 ## - PHYSICAL DESCRIPTION
Extent vii, v.p.
Other physical details ill.
650 #0 - SUBJECT ADDED ENTRY--TOPICAL TERM
Topical term or geographic name as entry element Hydraulic Machines
942 ## - ADDED ENTRY ELEMENTS (KOHA)
Koha item type General Book
Holdings
Koha date last seen Damaged status Withdrawn status Koha normalized classification for sorting Copy number Koha item type Location (home branch) Lost status Piece designation (barcode) Sublocation or collection (holding branch) Not for loan Shelving location Koha full call number Source of classification or shelving scheme Price effective from Date acquired
2015-02-09  621_200000000000000_KHU_19851General BookCentral Library, BUET 64129Central Library, BUET Circulation section621.2/KHU/1985 2015-02-092015-02-09
2015-02-09  621_200000000000000_KHU_19852General BookCentral Library, BUET 64154Central Library, BUET Circulation section621.2/KHU/1985 2015-02-092015-02-09
2015-02-09  621_200000000000000_KHU_19853General BookCentral Library, BUET 64142Central Library, BUET Circulation section621.2/KHU/1985 2015-02-092015-02-09
2015-02-09  621_200000000000000_KHU_19854General BookCentral Library, BUET 56685Central Library, BUET Circulation section621.2/KHU/1985 2015-02-092015-02-09
2015-06-22  621_200000000000000_KHU_19855General BookCentral Library, BUET 64155Central Library, BUET Circulation section621.2/KHU/1985 2015-02-092015-02-09
2015-02-09  621_200000000000000_KHU_19856General BookCentral Library, BUET 64132Central Library, BUET Circulation section621.2/KHU/1985 2015-02-092015-02-09
2015-02-09  621_200000000000000_KHU_19857General BookCentral Library, BUET 64136Central Library, BUET Circulation section621.2/KHU/1985 2015-02-092015-02-09
2015-02-09  621_200000000000000_KHU_19858General BookCentral Library, BUET 64153Central Library, BUET Circulation section621.2/KHU/1985 2015-02-092015-02-09
2015-02-09  621_200000000000000_KHU_19859General BookCentral Library, BUET 64134Central Library, BUET Circulation section621.2/KHU/1985 2015-02-092015-02-09
2015-02-09  621_200000000000000_KHU_198510General BookCentral Library, BUET 64150Central Library, BUET Circulation section621.2/KHU/1985 2015-02-092015-02-09
2015-02-09  621_200000000000000_KHU_198511General BookCentral Library, BUET 64137Central Library, BUET Circulation section621.2/KHU/1985 2015-02-092015-02-09
2015-02-09  621_200000000000000_KHU_198512General BookCentral Library, BUET 64139Central Library, BUET Circulation section621.2/KHU/1985 2015-02-092015-02-09